Europa Conference League 2022/23 Gruppe - Statistiken

Allgemein
  • Dieses Quiz wurde 11 mal gespielt
  • Das Durchschnittsergebnis liegt bei 8 aus 32
Antwortstatistiken
Gruppe Verein % Korrekt
D 1. FC Köln
100%
A AC Florenz
64%
H FC Basel
55%
D OGC Nizza
55%
D Partizan Belgrad
55%
B West Ham United
55%
F KAA Gent
45%
D 1. FC Slovacko
36%
C Austria Wien
36%
G CFR Cluj
27%
C FC Villareal
27%
C Lech Posen
27%
E AZ Alkmaar
18%
B FCSB Bukarest
18%
F Molde FK
18%
H Pjunik Erewan
18%
B RSC Anderlecht
18%
E SC Dnipro-1
18%
G Sivasspor
18%
G Slavia Prag
18%
H Slovan Bratislava
18%
E Apollon Limassol
9%
F Djurgardens IF
9%
E FC Vaduz
9%
C Hapoel Beer Sheva
9%
A Heart of Midlothian
9%
A Istanbul Basaksehir
9%
G KF Ballkani Suhareka
9%
A Riga FS
9%
F Shamrock Rovers
9%
B Silkeborg IF
9%
H Zalgiris Vilnius
9%
Keine übereinstimmenden Quizze gefunden
Verteilung der Resultate
Anzahl Personen mit jedem Resultat
Perzentil nach korrekt beantworteten Fragen
Ihre Resultats-Entwicklung
Sie haben dieses Quiz noch nicht gespielt